00339 2200133 4500001002100000005001700021008004100038035002500079041000700104090001500111100002000126245005300146260000600199INLIS0000000000065900:yyyyMMddHHmmss180719||||||||| | ||| |||| || |  a0010-031300000006590 aid a005.58 - p0 aWAHANA KOMPUTER00aPresentasi lebih kreatif dengan power point 2010 c0